Provinces of Joseon Korea in 1413 on a Map - Statistics

General Stats
  • This quiz has been taken 57 times
  • The average score is 5 of 8
Answers on the Map
Answers color-coded by a green-red scale on the quiz's map according to % correct below.
 
Answer Stats
Answer % Correct
Jeolla
83%
Gyeonggi
80%
Gangwon
69%
Gyeongsang
69%
Chungcheong
63%
Hwanghae
60%
Hamgyŏng
57%
P'yŏngan
57%
No matching quizzes found
Score Distribution
Percent of People with Each Score
Percentile by Number Answered
Your Score History
You have not taken this quiz